The Only Two U.S. States - Statistics

General Stats
  • This quiz has been taken 81,631 times
    57,199 since last reset
  • The average score is 13 of 20
Answer Stats
One of two states that ... States % Correct
doesn't border any other state Alaska | Hawaii
99%
has an X in its name New Mexico | Texas
93%
appears nearly rectangular on maps Colorado | Wyoming
88%
borders both North Dakota and South Dakota Minnesota | Montana
86%
is home to native saguaro cacti Arizona | California
85%
borders exactly two Great Lakes New York | Wisconsin
82%
ends in a silent S Arkansas | Illinois
79%
has a name which contains the entirety of another state's name Arkansas | West Virginia
71%
is home to multiple trillion dollar companies California | Washington
68%
borders 8 other states Missouri | Tennessee
58%
> 35% of the population lives in the largest city Alaska | New York
57%
has a capital founded earlier than Boston New Mexico | New York
57%
had more people than New York in the year 1800 Pennsylvania | Virginia
57%
Elvis lived in Mississippi | Tennessee
56%
is a first name used by more than 50,000 people in the United States Georgia | Virginia
54%
has a capital starting with O Oklahoma | Washington
54%
contains part of the Great Smoky Mountains National Park North Carolina | Tennessee
51%
has a capital with a higher elevation than Denver New Mexico | Wyoming
48%
can split its electoral votes between multiple Presidential candidates Maine | Nebraska
36%
is home to native Venus flytraps North Carolina | South Carolina
24%
No matching quizzes found
Score Distribution
Percent of People with Each Score
Percentile by Number Answered
Your Score History
You have not taken this quiz since the last reset